Problemario de cálculo diferencial de una variable
Salvato in:
| Autori principali: | , , |
|---|---|
| Natura: | Libro |
| Lingua: | spagnolo |
| Pubblicazione: |
Ciudad de México
International Thompson
2001
|
| Soggetti: | |
| Tags: |
Aggiungi Tag
Nessun Tag, puoi essere il primo ad aggiungerne!!
|
MARC
| LEADER | 00000nam a2200000 a 4500 | ||
|---|---|---|---|
| 001 | UCL7256 | ||
| 003 | CL-VaPUC | ||
| 008 | 040514e20010000MX |||||||||||||||||spa|d | ||
| 020 | |a 9706860738 | ||
| 082 | 0 | 4 | |a 515.33 |b WIS |2 21 |
| 100 | 0 | |a Wisniewski, Piotr Marian |e author |9 485124 | |
| 700 | 0 | |a Gumeta Chávez, Humberto A |e author |9 485125 | |
| 700 | 0 | |a López Saura, Irma |e author |9 485126 | |
| 245 | 1 | 0 | |a Problemario de cálculo diferencial de una variable |
| 300 | |a 128 p | ||
| 942 | |c BK | ||
| 945 | |d 20040514 00:00:00 |a cmena | ||
| 260 | |a Ciudad de México |b International Thompson |c 2001 | ||
| 650 | 0 | |a Cálculo diferencial |9 260102 | |
| 650 | 0 | |a Problemas, ejercicios, etc |9 259377 | |
| 650 | 0 | |a Ecuaciones diferenciales |9 260083 | |
| 583 | |a last modification |c 20040514 00:00:00 |k Rodrigo Vera | ||
| 999 | |c 309104 |d 309102 | ||
| 952 | |0 0 |1 0 |4 0 |6 515_330000000000000_WIS_2001 |7 0 |8 A |9 376391 |a BIBCUR |b BIBCUR |d 2019-11-21 |i 4013379 |l 2 |o 515.33 WIS 2001 |p 4013379 |r 2025-04-22 |s 2024-09-02 |w 2019-11-21 |y BK |k FIS | ||
| 952 | |0 0 |1 0 |4 0 |6 515_330000000000000_WIS_2001 |7 0 |8 A |9 376392 |a BIBMAT |b BIBMAT |d 2019-11-21 |i 4085698 |o 515.33 WIS 2001 |p 4085698 |r 2025-01-07 |w 2019-11-21 |y BK |k MAT | ||
| 952 | |0 0 |1 0 |4 0 |6 515_330000000000000_WIS_2001 |7 0 |8 A |9 376393 |a BIBMAT |b BIBMAT |d 2019-11-21 |i 4089367 |o 515.33 WIS 2001 |p 4089367 |r 2025-01-07 |w 2019-11-21 |y BK |k MAT | ||
| 952 | |0 0 |1 0 |4 0 |6 515_330000000000000_WIS_2001 |7 0 |8 A |9 376394 |a BIBMAT |b BIBMAT |d 2019-11-21 |i 4089359 |o 515.33 WIS 2001 |p 4089359 |r 2025-01-07 |w 2019-11-21 |y BK |k MAT | ||